00776nam a2200157 a 450000100100000000500170001000800410002704000250006811000550009324501740014826000620032230000420038404900090042695201660043599900170060100003332620200930070159.0110824s1908 000 spa d aDO-SdBNPbspacBNPHU1 aRepública DominicanabHacienda y Comercio95836010aMemoria con sus correspondientes anexos que al ciudadano presidente de la república presenta el ciudadano secretario de estado en los despachos de hacienda y comercio. aSanto Domingo :bLa Cuna de América vda. Roques,c1908. a1v. Con varias paginaciones ;c30 cm. aBNPD 001050718RVaPDbPDcCTd2011-08-24iLF1l0o p33326-10r2020-06-25w2020-06-25y1zPerteneció a la biblioteca personal de Julio Ortega FrierZNo se presta c32817d32817